000 00690nam a22002417a 4500
003 DO-SdBNP
005 20180216144239.0
008 161031b 2006 xxu a 1 00| 0 spa d
020 _a0765277212
040 _aBPMSU
_bspa
_cBPMSU
082 _axxxx
_bD184
100 1 _aDaniel, Claire
245 1 0 _aEsqueletos
_bpor dentro y por fuera /
_cClaire Daniel
260 _aEstados Unidos :
_bCelebration Press,
_bPearson Learning Group ,
_c2006.
300 _a32 p. :
_bil. ;
_c25 cm.
490 1 _aiOpeners
500 _aIncluye índice
500 _aIncluye glosario
830 0 _aiOpeners
942 _2ddc
_cBK
945 _aInventariado, 2018/ YL
956 _aYLOCKWARD
_b10
_cBPMSU
999 _c12606
_d12606